[Event "AsianNationCup2018-WomenRapid"]
[Site "?"]
[Date "2018.07.27"]
[Round "6.1"]
[White "Pham, Le Thao Nguyen"]
[Black "Lei, Tingjie"]
[Result "0-1"]
[BlackElo "2507"]
[WhiteElo "2456"]
[LiveChessVersion "1.4.8"]

1. d4 {[%clk 0:15:16]} Nf6 {[%clk 0:15:17]} 2. Nf3 {[%clk 0:15:24]} d5
{[%clk 0:15:13]} 3. Bf4 {[%clk 0:15:27]} e6 {[%clk 0:15:10]} 4. e3
{[%clk 0:15:30]} c5 {[%clk 0:15:18]} 5. c3 {[%clk 0:15:36]} Nc6 {[%clk 0:15:27]}
6. Nbd2 {[%clk 0:15:36]} Bd6 {[%clk 0:15:34]} 7. Bg3 {[%clk 0:15:41]} O-O
{[%clk 0:15:41]} 8. Bd3 {[%clk 0:15:45]} b6 {[%clk 0:15:48]} 9. e4
{[%clk 0:14:19]} Be7 {[%clk 0:15:55]} 10. e5 {[%clk 0:14:22]} Nh5
{[%clk 0:16:02]} 11. a3 {[%clk 0:14:26]} Bd7 {[%clk 0:15:44]} 12. O-O
{[%clk 0:12:36]} Nxg3 {[%clk 0:15:07]} 13. hxg3 {[%clk 0:12:35]} c4
{[%clk 0:15:01]} 14. Bc2 {[%clk 0:12:36]} b5 {[%clk 0:15:11]} 15. Nh2
{[%clk 0:12:12]} a5 {[%clk 0:14:53]} 16. f4 {[%clk 0:11:58]} b4 {[%clk 0:14:31]}
17. g4 {[%clk 0:10:33]} b3 {[%clk 0:13:21]} 18. Bb1 {[%clk 0:09:57]} f6
{[%clk 0:12:41]} 19. exf6 gxf6 {[%clk 0:12:50]} 20. Qf3 {[%clk 0:09:01]} Be8
{[%clk 0:12:21]} 21. Qh3 {[%clk 0:08:25]} Rf7 {[%clk 0:12:18]} 22. Ndf3
{[%clk 0:08:00]} Qd6 {[%clk 0:12:10]} 23. g5 {[%clk 0:07:08]} f5 {[%clk 0:10:00]}
24. Ne5 {[%clk 0:05:24]} Nxe5 {[%clk 0:09:57]} 25. fxe5 {[%clk 0:05:25]} Qd8
{[%clk 0:07:50]} 26. g4 {[%clk 0:05:20]} f4 {[%clk 0:07:39]} 27. g6
{[%clk 0:05:09]} hxg6 {[%clk 0:07:48]} 28. Bxg6 {[%clk 0:05:17]} Rg7
{[%clk 0:07:57]} 29. Bxe8 {[%clk 0:05:11]} Qxe8 {[%clk 0:08:06]} 30. Rxf4
{[%clk 0:04:22]} Bg5 {[%clk 0:08:11]} 31. Rf3 {[%clk 0:04:13]} Qg6
{[%clk 0:07:56]} 32. Raf1 {[%clk 0:04:06]} Rh7 {[%clk 0:07:11]} 33. Qg2
{[%clk 0:03:22]} Qc2 {[%clk 0:04:47]} 34. R1f2 {[%clk 0:02:59]} Qe4
{[%clk 0:04:06]} 35. Re2 {[%clk 0:01:31]} Qb1+ {[%clk 0:03:03]} 36. Rf1
{[%clk 0:01:38]} Qd3 {[%clk 0:02:37]} 37. Rf3 {[%clk 0:01:21]} Qb1+
{[%clk 0:02:32]} 38. Rf1 {[%clk 0:01:17]} Qd3 {[%clk 0:02:25]} 39. Rf3
{[%clk 0:01:12]} Qg6 {[%clk 0:00:58]} 40. Qf1 {[%clk 0:01:01]} Rh4
{[%clk 0:00:48]} 41. Ref2 {[%clk 0:00:40]} Qh6 {[%clk 0:00:57]} 42. Qe2
{[%clk 0:00:38]} Kh8 {[%clk 0:00:48]} 43. Rf1 {[%clk 0:00:29]} Rg8
{[%clk 0:00:55]} 44. R1f2 {[%clk 0:00:17]} Qg6 {[%clk 0:00:15]} 45. Qf1
{[%clk 0:00:17]} Qh6 {[%clk 0:00:23]} 46. Qe2 {[%clk 0:00:26]} Qg6
{[%clk 0:00:33]} 47. Qf1 {[%clk 0:00:34]} Qe4 {[%clk 0:00:15]} 48. Rh3
{[%clk 0:00:20]} Rxh3 {[%clk 0:00:24]} 49. Qxh3+ {[%clk 0:00:29]} Kg7
{[%clk 0:00:34]} 50. Nf1 {[%clk 0:00:17]} Rh8 {[%clk 0:00:34]} 51. Qf3
{[%clk 0:00:20]} Qxf3 {[%clk 0:00:38]} 52. Rxf3 {[%clk 0:00:28]} Rh4
{[%clk 0:00:46]} 53. Rg3 {[%clk 0:00:24]} Bc1 {[%clk 0:00:38]} 54. Rg2
{[%clk 0:00:26]} Kg6 {[%clk 0:00:46]} 55. Nh2 {[%clk 0:00:12]} Rh3
{[%clk 0:00:55]} 56. Re2 {[%clk 0:00:11]} Re3 {[%clk 0:00:33]} 57. Rf2
{[%clk 0:00:11]} Bxb2 {[%clk 0:00:17]} 58. Rf6+ {[%clk 0:15:10]} 0-1

[Event "AsianNationCup2018-WomenRapid"]
[Site "?"]
[Date "2018.07.27"]
[Round "6.2"]
[White "Wang, Jue"]
[Black "Hoang, Thi Bao Tram"]
[Result "1-0"]
[BlackElo "2329"]
[WhiteElo "2398"]
[LiveChessVersion "1.4.8"]

1. e4 {[%clk 0:15:18]} c6 {[%clk 0:15:16]} 2. Nc3 {[%clk 0:15:06]} d5
{[%clk 0:15:05]} 3. Nf3 {[%clk 0:15:15]} Bg4 {[%clk 0:14:50]} 4. h3
{[%clk 0:15:23]} Bxf3 {[%clk 0:14:57]} 5. Qxf3 {[%clk 0:15:31]} e6
{[%clk 0:14:55]} 6. g3 {[%clk 0:15:36]} Nf6 {[%clk 0:14:48]} 7. Bg2
{[%clk 0:15:42]} Be7 {[%clk 0:14:16]} 8. Qe2 {[%clk 0:15:20]} O-O
{[%clk 0:13:19]} 9. d3 {[%clk 0:14:27]} Re8 {[%clk 0:10:26]} 10. O-O
{[%clk 0:12:26]} Bf8 {[%clk 0:08:43]} 11. f4 {[%clk 0:09:40]} Na6
{[%clk 0:07:27]} 12. Kh2 {[%clk 0:09:29]} Nd7 {[%clk 0:05:35]} 13. Bd2
{[%clk 0:09:13]} Bd6 {[%clk 0:04:39]} 14. Rae1 {[%clk 0:09:06]} Nc7
{[%clk 0:03:50]} 15. Nd1 {[%clk 0:08:49]} f5 {[%clk 0:03:29]} 16. Ne3
{[%clk 0:07:02]} Nc5 {[%clk 0:03:20]} 17. b4 {[%clk 0:05:54]} N5a6
{[%clk 0:02:29]} 18. a3 {[%clk 0:05:15]} Bf8 {[%clk 0:01:50]} 19. e5
{[%clk 0:04:38]} c5 {[%clk 0:00:29]} 20. Rb1 {[%clk 0:02:48]} Qd7
{[%clk 0:00:14]} 21. g4 {[%clk 0:01:52]} d4 {[%clk 0:00:18]} 22. Nc4
{[%clk 0:01:53]} Nd5 {[%clk 0:00:15]} 23. b5 {[%clk 0:01:53]} Nac7
{[%clk 0:00:23]} 24. a4 {[%clk 0:01:51]} Rad8 {[%clk 0:00:32]} 25. Bf3
{[%clk 0:01:39]} g6 {[%clk 0:00:38]} 26. Rg1 {[%clk 0:01:38]} fxg4
{[%clk 0:00:29]} 27. Rxg4 {[%clk 0:01:45]} Bg7 {[%clk 0:00:32]} 28. Nd6
{[%clk 0:01:35]} Rf8 {[%clk 0:00:41]} 29. Nxb7 {[%clk 0:01:32]} Rc8
{[%clk 0:00:42]} 30. Nxc5 {[%clk 0:01:38]} Qe7 {[%clk 0:00:49]} 31. Ne4
{[%clk 0:01:45]} Bh6 {[%clk 0:00:51]} 32. Ng5 {[%clk 0:01:05]} Bxg5
{[%clk 0:00:27]} 33. fxg5 {[%clk 0:01:05]} Rf5 {[%clk 0:00:36]} 34. Rf1
{[%clk 0:00:55]} Qg7 {[%clk 0:00:44]} 35. Rxd4 {[%clk 0:00:44]} Rxe5
{[%clk 0:00:48]} 36. Re4 {[%clk 0:00:45]} Rxe4 {[%clk 0:00:41]} 37. Qxe4
{[%clk 0:00:38]} Rf8 {[%clk 0:00:37]} 38. Bg2 {[%clk 0:00:39]} Rf5
{[%clk 0:00:22]} 39. Rxf5 {[%clk 0:00:27]} gxf5 {[%clk 0:00:30]} 40. Qe2
{[%clk 0:00:24]} Qd4 {[%clk 0:00:39]} 41. Bxd5 {[%clk 0:00:14]} Qxd5
{[%clk 0:00:19]} 42. Bf4 {[%clk 0:00:23]} Ne8 {[%clk 0:00:27]} 43. c4
{[%clk 0:00:25]} Qd7 {[%clk 0:00:30]} 44. c5 {[%clk 0:00:33]} Kf7
{[%clk 0:00:19]} 45. Be5 {[%clk 0:00:26]} Qd5 {[%clk 0:00:19]} 46. d4
{[%clk 0:00:21]} Kg6 {[%clk 0:00:22]} 47. h4 {[%clk 0:00:30]} Ng7
{[%clk 0:00:30]} 48. Bxg7 1-0

[Event "AsianNationCup2018-WomenRapid"]
[Site "?"]
[Date "2018.07.27"]
[Round "6.3"]
[White "Nguyen, Thi Mai Hung"]
[Black "Guo, Qi"]
[Result "0-1"]
[BlackElo "2445"]
[WhiteElo "2278"]
[LiveChessVersion "1.4.8"]

1. d4 {[%clk 0:15:18]} d5 {[%clk 0:14:59]} 2. Bf4 {[%clk 0:15:24]} c5
{[%clk 0:15:07]} 3. e3 {[%clk 0:15:31]} Nc6 {[%clk 0:15:01]} 4. Nc3
{[%clk 0:15:34]} cxd4 {[%clk 0:15:08]} 5. exd4 {[%clk 0:14:45]} Bf5
{[%clk 0:14:39]} 6. Nf3 {[%clk 0:14:52]} e6 {[%clk 0:13:51]} 7. Ne5
{[%clk 0:14:43]} Bd6 8. Nb5 {[%clk 0:11:24]} Bb8 {[%clk 0:14:47]} 9. g4
{[%clk 0:09:51]} Be4 {[%clk 0:14:07]} 10. f3 {[%clk 0:09:48]} Bg6
{[%clk 0:14:09]} 11. h4 {[%clk 0:09:51]} f6 {[%clk 0:13:54]} 12. Nxg6
{[%clk 0:09:45]} hxg6 {[%clk 0:14:02]} 13. Qd2 {[%clk 0:09:38]} a6
{[%clk 0:13:46]} 14. Nc3 {[%clk 0:09:20]} Bxf4 {[%clk 0:13:02]} 15. Qxf4
{[%clk 0:09:28]} Qb8 {[%clk 0:13:01]} 16. Qxb8+ {[%clk 0:08:42]} Rxb8
{[%clk 0:13:10]} 17. O-O-O {[%clk 0:08:45]} Nge7 {[%clk 0:13:02]} 18. Bg2
{[%clk 0:07:54]} Kf7 {[%clk 0:13:01]} 19. Ne2 {[%clk 0:05:51]} Rbc8
{[%clk 0:12:45]} 20. Kb1 {[%clk 0:05:49]} Rh6 {[%clk 0:12:25]} 21. Rh3
{[%clk 0:05:08]} Rch8 {[%clk 0:12:18]} 22. Rdh1 {[%clk 0:05:15]} b5
{[%clk 0:12:09]} 23. f4 {[%clk 0:04:47]} Rb8 {[%clk 0:11:06]} 24. c3
{[%clk 0:04:37]} Rhh8 {[%clk 0:10:04]} 25. Kc2 {[%clk 0:03:38]} a5
{[%clk 0:10:10]} 26. Ra1 {[%clk 0:02:58]} Ra8 {[%clk 0:10:23]} 0-1

[Event "AsianNationCup2018-WomenRapid"]
[Site "?"]
[Date "2018.07.27"]
[Round "6.4"]
[White "Zhai, Mo"]
[Black "Nguyen, Thi Thanh An"]
[Result "1/2-1/2"]
[BlackElo "2248"]
[WhiteElo "2359"]
[LiveChessVersion "1.4.8"]

1. d4 {[%clk 0:15:16]} g6 {[%clk 0:15:19]} 2. Nf3 {[%clk 0:15:18]} Bg7
{[%clk 0:15:27]} 3. c4 {[%clk 0:14:47]} d6 {[%clk 0:15:21]} 4. g3
{[%clk 0:14:30]} Nf6 {[%clk 0:15:13]} 5. Bg2 {[%clk 0:14:38]} O-O
{[%clk 0:15:19]} 6. Nc3 {[%clk 0:14:39]} c6 {[%clk 0:15:24]} 7. O-O
{[%clk 0:14:34]} Nbd7 {[%clk 0:15:18]} 8. b3 {[%clk 0:14:37]} Qc7
{[%clk 0:15:16]} 9. Bb2 {[%clk 0:14:42]} Re8 {[%clk 0:15:23]} 10. Rc1
{[%clk 0:14:43]} e5 {[%clk 0:15:26]} 11. e3 {[%clk 0:14:19]} exd4
{[%clk 0:15:03]} 12. Nxd4 {[%clk 0:14:06]} Ne5 {[%clk 0:15:00]} 13. Qd2
{[%clk 0:14:06]} a6 {[%clk 0:14:26]} 14. Rfd1 {[%clk 0:13:00]} Bg4
{[%clk 0:14:25]} 15. f3 {[%clk 0:12:29]} c5 {[%clk 0:14:13]} 16. fxg4
{[%clk 0:12:24]} cxd4 {[%clk 0:14:21]} 17. Qxd4 {[%clk 0:12:19]} Nfxg4
{[%clk 0:14:05]} 18. Qxd6 {[%clk 0:12:05]} Qxd6 {[%clk 0:13:42]} 19. Rxd6
{[%clk 0:12:13]} Nxe3 {[%clk 0:12:46]} 20. Na4 {[%clk 0:05:48]} Nxg2
{[%clk 0:10:39]} 21. Kxg2 {[%clk 0:05:56]} Bf8 {[%clk 0:10:43]} 22. Rdd1
{[%clk 0:05:25]} Ng4 {[%clk 0:10:17]} 23. Bd4 {[%clk 0:05:14]} Ne3+
{[%clk 0:08:55]} 24. Bxe3 {[%clk 0:05:22]} Rxe3 {[%clk 0:09:04]} 25. Rc2
{[%clk 0:04:31]} Rae8 {[%clk 0:09:08]} 26. Rf2 {[%clk 0:04:34]} b5
{[%clk 0:08:29]} 27. Nb6 {[%clk 0:04:30]} Re2 {[%clk 0:08:33]} 28. Nd7
{[%clk 0:04:31]} Bg7 {[%clk 0:08:27]} 29. Rd6 {[%clk 0:03:40]} bxc4
{[%clk 0:08:04]} 30. bxc4 {[%clk 0:03:48]} a5 {[%clk 0:07:30]} 31. c5
{[%clk 0:03:37]} R2e6 {[%clk 0:07:03]} 32. Rxe6 {[%clk 0:02:41]} Rxe6
{[%clk 0:07:09]} 33. Rc2 {[%clk 0:02:38]} Rc6 {[%clk 0:07:15]} 34. Re2
{[%clk 0:02:14]} Bd4 {[%clk 0:07:11]} 35. Re4 {[%clk 0:02:03]} Bb2
{[%clk 0:06:47]} 36. Re2 {[%clk 0:01:47]} Bd4 {[%clk 0:06:44]} 37. Rd2
{[%clk 0:01:48]} Bc3 {[%clk 0:06:48]} 38. Rd3 {[%clk 0:01:52]} Bb2
{[%clk 0:06:41]} 39. Kf3 {[%clk 0:01:20]} f5 {[%clk 0:06:39]} 40. Rb3
{[%clk 0:00:50]} Bd4 {[%clk 0:06:45]} 41. Rd3 {[%clk 0:00:37]} Bb2
{[%clk 0:06:51]} 42. Rd2 {[%clk 0:00:42]} Bc3 {[%clk 0:06:53]} 43. Rd3
{[%clk 0:00:38]} Bb2 {[%clk 0:06:59]} 44. g4 {[%clk 0:00:40]} Kf7
{[%clk 0:06:56]} 45. gxf5 {[%clk 0:00:46]} gxf5 {[%clk 0:07:05]} 46. Kf4
{[%clk 0:00:52]} Ke6 {[%clk 0:06:49]} 47. Nf8+ {[%clk 0:00:57]} Kf7
{[%clk 0:06:48]} 48. Nd7 {[%clk 0:01:00]} Ke6 {[%clk 0:06:57]} 49. Nf8+
{[%clk 0:00:44]} Kf7 {[%clk 0:07:06]} 50. Nd7 {[%clk 0:00:44]} Ke6
{[%clk 0:07:14]} 51. Nf8+ {[%clk 0:00:35]} Ke7 {[%clk 0:06:26]} 52. Nxh7
{[%clk 0:00:30]} Rxc5 {[%clk 0:06:33]} 53. h4 {[%clk 0:00:22]} Bc1+
{[%clk 0:06:29]} 54. Kf3 {[%clk 0:00:31]} Rc4 {[%clk 0:06:13]} 55. h5
{[%clk 0:00:29]} Rh4 {[%clk 0:06:18]} 56. Rd1 {[%clk 0:00:32]} Bh6
{[%clk 0:06:13]} 57. Rb1 {[%clk 0:00:24]} Rxh5 {[%clk 0:06:14]} 58. Rb7+
{[%clk 0:00:31]} Ke6 {[%clk 0:06:19]} 59. Rb6+ {[%clk 0:00:40]} Ke7
{[%clk 0:06:15]} 60. Nf6 {[%clk 0:00:48]} Rh3+ {[%clk 0:05:28]} 61. Kg2
{[%clk 0:00:56]} Ra3 {[%clk 0:05:36]} 62. Ng8+ {[%clk 0:00:44]} Kd7
{[%clk 0:05:44]} 63. Nxh6 {[%clk 0:00:52]} Rxa2+ {[%clk 0:05:52]} 1/2-1/2

[Event "AsianNationCup2018-WomenRapid"]
[Site "?"]
[Date "2018.07.27"]
[Round "6.5"]
[White "Tokhirjonova, Gulrukhbegim"]
[Black "Harika, Dronavalli"]
[Result "0-1"]
[BlackElo "2480"]
[WhiteElo "2283"]
[LiveChessVersion "1.4.8"]

1. e4 {[%clk 0:15:20]} d6 {[%clk 0:15:17]} 2. d4 {[%clk 0:15:28]} Nf6
{[%clk 0:15:25]} 3. Nc3 {[%clk 0:15:37]} g6 {[%clk 0:15:31]} 4. Nf3
{[%clk 0:15:45]} Bg7 {[%clk 0:15:35]} 5. Be2 {[%clk 0:15:54]} c6 {[%clk 0:15:30]}
6. a4 {[%clk 0:15:51]} O-O {[%clk 0:15:17]} 7. O-O {[%clk 0:15:59]} Qc7
{[%clk 0:15:26]} 8. Bg5 {[%clk 0:15:00]} e5 {[%clk 0:14:35]} 9. dxe5
{[%clk 0:15:08]} dxe5 {[%clk 0:14:44]} 10. Qc1 {[%clk 0:15:16]} Nbd7
{[%clk 0:12:56]} 11. b4 {[%clk 0:13:39]} a5 {[%clk 0:13:05]} 12. b5
{[%clk 0:13:46]} Nc5 {[%clk 0:12:54]} 13. Nd2 {[%clk 0:13:40]} Ne6
{[%clk 0:12:44]} 14. Be3 {[%clk 0:13:48]} Nd4 {[%clk 0:12:52]} 15. Bd3
{[%clk 0:12:45]} Ng4 {[%clk 0:10:42]} 16. Nc4 {[%clk 0:12:53]} Be6
{[%clk 0:08:26]} 17. b6 {[%clk 0:11:03]} Qe7 {[%clk 0:08:28]} 18. h3
{[%clk 0:06:18]} Bxc4 {[%clk 0:06:26]} 19. Bxc4 {[%clk 0:05:37]} Nxe3
{[%clk 0:06:11]} 20. fxe3 {[%clk 0:05:19]} Qc5 {[%clk 0:06:09]} 21. exd4
{[%clk 0:04:04]} Qxc4 {[%clk 0:06:03]} 22. Ra3 {[%clk 0:02:40]} exd4
{[%clk 0:06:09]} 23. Nd1 {[%clk 0:02:45]} Qc5 {[%clk 0:05:59]} 24. Nf2
{[%clk 0:02:30]} Qxb6 {[%clk 0:05:59]} 25. Rb3 {[%clk 0:02:12]} Qc7
{[%clk 0:06:07]} 26. Qg5 {[%clk 0:02:07]} Rfe8 {[%clk 0:04:43]} 27. Rfb1
{[%clk 0:01:37]} Rab8 {[%clk 0:03:22]} 28. Rb6 {[%clk 0:01:18]} Re5
{[%clk 0:02:00]} 29. Qf4 {[%clk 0:01:26]} h5 {[%clk 0:01:36]} 30. Kh1
{[%clk 0:00:31]} Re7 {[%clk 0:01:32]} 31. Qd2 {[%clk 0:00:37]} Qe5
{[%clk 0:01:19]} 32. Nd3 {[%clk 0:00:22]} Qxe4 {[%clk 0:01:02]} 33. Qxa5
{[%clk 0:00:19]} Kh7 {[%clk 0:00:28]} 34. Qc5 {[%clk 0:00:25]} Rbe8
{[%clk 0:00:18]} 35. Rxb7 {[%clk 0:00:25]} Bf8 {[%clk 0:00:17]} 36. Rxe7
{[%clk 0:00:23]} Rxe7 {[%clk 0:00:25]} 37. Qc4 {[%clk 0:00:25]} Qe6
{[%clk 0:00:15]} 38. Qxe6 {[%clk 0:00:19]} fxe6 {[%clk 0:00:18]} 39. Ne5
{[%clk 0:00:14]} Ra7 {[%clk 0:00:20]} 40. Ra1 {[%clk 0:00:16]} Ra6
{[%clk 0:00:25]} 41. a5 {[%clk 0:00:22]} Bb4 {[%clk 0:00:33]} 42. Ra4
{[%clk 0:00:13]} c5 {[%clk 0:00:41]} 43. Nd3 {[%clk 0:00:22]} e5 {[%clk 0:00:42]}
44. Nxe5 {[%clk 0:00:26]} Rxa5 {[%clk 0:00:51]} 45. Rxa5 {[%clk 0:00:35]} Bxa5
{[%clk 0:01:00]} 46. g4 {[%clk 0:00:42]} Bc7 {[%clk 0:01:00]} 47. Nc4
{[%clk 0:00:44]} Kh6 {[%clk 0:01:02]} 48. Kg2 {[%clk 0:00:49]} Kg5
{[%clk 0:01:10]} 49. gxh5 {[%clk 0:00:58]} gxh5 {[%clk 0:01:19]} 50. Nd2
{[%clk 0:01:04]} Kf4 {[%clk 0:01:25]} 51. Kf2 {[%clk 0:01:05]} Bd8
{[%clk 0:01:30]} 52. Ke2 {[%clk 0:01:04]} Be7 {[%clk 0:01:34]} 53. Kf2
{[%clk 0:01:01]} Bd8 {[%clk 0:01:33]} 54. Nb3 {[%clk 0:00:41]} Bh4+
{[%clk 0:01:27]} 55. Ke2 {[%clk 0:00:45]} Be7 {[%clk 0:01:36]} 56. Kf2
{[%clk 0:00:52]} c4 {[%clk 0:01:26]} 57. Nd2 {[%clk 0:00:45]} d3 {[%clk 0:00:29]}
58. cxd3 {[%clk 0:00:53]} cxd3 {[%clk 0:00:27]} 59. Nb3 {[%clk 0:00:53]} Bb4
{[%clk 0:00:34]} 60. Nc1 {[%clk 0:00:14]} d2 {[%clk 0:00:28]} 61. Nd3+
{[%clk 0:00:22]} Ke4 {[%clk 0:00:35]} 62. Nb2 {[%clk 0:00:19]} Bc3
{[%clk 0:00:31]} 63. Nd1 {[%clk 0:00:21]} Kd3 {[%clk 0:00:32]} 64. Kf1
{[%clk 0:00:12]} Bd4 {[%clk 0:00:38]} 65. h4 {[%clk 0:00:21]} Be3
{[%clk 0:00:27]} 66. Nb2+ {[%clk 0:00:13]} Kc2 {[%clk 0:00:36]} 0-1

[Event "AsianNationCup2018-WomenRapid"]
[Site "?"]
[Date "2018.07.27"]
[Round "6.6"]
[White "Padmini, Rout"]
[Black "Kurbonboeva, Sarvinoz"]
[Result "1-0"]
[BlackElo "2140"]
[WhiteElo "2417"]
[LiveChessVersion "1.4.8"]

1. Nf3 {[%clk 0:15:14]} Nf6 {[%clk 0:15:13]} 2. g3 {[%clk 0:15:23]} g6
{[%clk 0:15:22]} 3. Bg2 {[%clk 0:15:32]} Bg7 {[%clk 0:15:30]} 4. O-O
{[%clk 0:15:37]} O-O {[%clk 0:15:21]} 5. d4 {[%clk 0:15:45]} d5 {[%clk 0:15:27]}
6. b3 {[%clk 0:15:53]} c5 {[%clk 0:14:03]} 7. Bb2 {[%clk 0:16:01]} Ne4
{[%clk 0:13:47]} 8. Nbd2 {[%clk 0:15:54]} Nc6 {[%clk 0:13:35]} 9. e3
{[%clk 0:15:25]} Qc7 {[%clk 0:09:13]} 10. c4 {[%clk 0:14:12]} e6 {[%clk 0:08:19]}
11. Rc1 {[%clk 0:09:48]} Rd8 {[%clk 0:06:21]} 12. cxd5 {[%clk 0:09:01]} exd5
{[%clk 0:06:27]} 13. Ba1 {[%clk 0:08:20]} Bg4 {[%clk 0:02:18]} 14. h3
{[%clk 0:07:30]} Be6 {[%clk 0:02:02]} 15. Qe2 {[%clk 0:05:23]} Qd7
{[%clk 0:01:03]} 16. g4 {[%clk 0:04:13]} cxd4 {[%clk 0:01:02]} 17. exd4
{[%clk 0:04:03]} Bh6 {[%clk 0:00:32]} 18. Rcd1 {[%clk 0:03:50]} f5
{[%clk 0:00:36]} 19. Nxe4 {[%clk 0:03:35]} fxe4 {[%clk 0:00:36]} 20. Ne5
{[%clk 0:03:39]} Qe7 {[%clk 0:00:22]} 21. f3 {[%clk 0:03:17]} exf3
{[%clk 0:00:15]} 22. Rxf3 {[%clk 0:03:15]} Re8 {[%clk 0:00:18]} 23. Bb2
{[%clk 0:02:01]} Rad8 {[%clk 0:00:20]} 24. Nxc6 bxc6 {[%clk 0:00:29]} 25. Bc1
{[%clk 0:02:05]} Bg7 {[%clk 0:00:30]} 26. Qd3 {[%clk 0:02:05]} c5
{[%clk 0:00:26]} 27. dxc5 {[%clk 0:02:00]} Qxc5+ {[%clk 0:00:35]} 28. Be3
{[%clk 0:02:09]} d4 {[%clk 0:00:42]} 29. Bd2 {[%clk 0:01:44]} Bd5
{[%clk 0:00:39]} 30. Rf2 {[%clk 0:01:48]} Bxg2 {[%clk 0:00:46]} 31. Kxg2
{[%clk 0:01:44]} Qd5+ {[%clk 0:00:45]} 32. Qf3 {[%clk 0:01:52]} d3
{[%clk 0:00:39]} 33. Re1 {[%clk 0:00:45]} Rxe1 34. Bxe1 {[%clk 0:00:53]} Bd4
{[%clk 0:00:20]} 35. Qxd5+ {[%clk 0:00:48]} Rxd5 {[%clk 0:00:29]} 36. Rf3
{[%clk 0:00:46]} Bc5 {[%clk 0:00:15]} 37. Bd2 {[%clk 0:00:54]} Re5
{[%clk 0:00:17]} 38. Rxd3 {[%clk 0:01:00]} Re2+ {[%clk 0:00:25]} 39. Kf3
{[%clk 0:01:07]} Rf2+ {[%clk 0:00:31]} 40. Ke4 {[%clk 0:01:14]} Rh2
{[%clk 0:00:37]} 41. b4 {[%clk 0:01:17]} Bb6 {[%clk 0:00:46]} 42. a4
{[%clk 0:01:25]} Re2+ {[%clk 0:00:50]} 43. Kd5 {[%clk 0:01:31]} Kf7
{[%clk 0:00:51]} 44. a5 {[%clk 0:01:38]} Bg1 {[%clk 0:00:52]} 45. b5
{[%clk 0:01:41]} h5 {[%clk 0:00:52]} 46. g5 {[%clk 0:01:32]} Bf2 {[%clk 0:00:42]}
47. Rf3+ {[%clk 0:01:11]} Ke8 {[%clk 0:00:35]} 48. Bb4 {[%clk 0:01:11]} Rb2
{[%clk 0:00:39]} 49. Kc4 {[%clk 0:01:05]} Bg1 {[%clk 0:00:19]} 50. Rf8+
{[%clk 0:00:59]} Kd7 {[%clk 0:00:28]} 51. Rf7+ {[%clk 0:01:06]} Ke8
{[%clk 0:00:30]} 52. Rf6 {[%clk 0:01:09]} Rc2+ {[%clk 0:00:21]} 53. Kd5
{[%clk 0:00:56]} Rb2 {[%clk 0:00:20]} 54. Rf4 {[%clk 0:00:57]} Be3
{[%clk 0:00:15]} 55. Re4+ {[%clk 0:01:04]} Kd7 {[%clk 0:00:21]} 56. Re7+
{[%clk 0:01:00]} Kd8 {[%clk 0:00:27]} 57. Rxe3 {[%clk 0:00:58]} Rxb4
{[%clk 0:00:36]} 58. Kc5 {[%clk 0:00:58]} Ra4 {[%clk 0:00:17]} 59. a6
{[%clk 0:01:07]} Kd7 {[%clk 0:00:21]} 60. Rf3 {[%clk 0:01:15]} Ke7
{[%clk 0:00:19]} 61. Rf6 {[%clk 0:01:17]} Ra1 {[%clk 0:00:23]} 62. Rxg6
{[%clk 0:01:22]} Rc1+ {[%clk 0:00:32]} 63. Kd5 {[%clk 0:01:29]} Rd1+
{[%clk 0:00:22]} 64. Kc6 {[%clk 0:01:34]} Rc1+ {[%clk 0:00:23]} 65. Kb7
{[%clk 0:01:40]} Rb1 {[%clk 0:00:32]} 66. b6 {[%clk 0:01:45]} axb6
{[%clk 0:00:38]} 67. Rxb6 {[%clk 0:01:54]} 1-0

[Event "AsianNationCup2018-WomenRapid"]
[Site "?"]
[Date "2018.07.27"]
[Round "6.7"]
[White "Nadirjanova, Nodira"]
[Black "Karavade, Eesha"]
[Result "1/2-1/2"]
[BlackElo "2356"]
[WhiteElo "2091"]
[LiveChessVersion "1.4.8"]

1. Nf3 {[%clk 0:15:18]} d5 {[%clk 0:15:05]} 2. b3 {[%clk 0:15:18]} Nf6
{[%clk 0:15:00]} 3. Bb2 {[%clk 0:15:24]} g6 {[%clk 0:15:07]} 4. c4
{[%clk 0:15:01]} Bg7 {[%clk 0:14:34]} 5. cxd5 {[%clk 0:14:31]} Qxd5
{[%clk 0:14:42]} 6. Nc3 {[%clk 0:14:38]} Qa5 {[%clk 0:14:33]} 7. Ne4
{[%clk 0:12:55]} Qb6 {[%clk 0:13:48]} 8. Bd4 {[%clk 0:11:39]} Qe6
{[%clk 0:13:56]} 9. Nxf6+ {[%clk 0:11:25]} Bxf6 {[%clk 0:13:58]} 10. Bxf6
{[%clk 0:10:45]} Qxf6 {[%clk 0:14:06]} 11. Rc1 {[%clk 0:10:25]} O-O
{[%clk 0:13:29]} 12. g3 {[%clk 0:10:23]} Nc6 {[%clk 0:12:53]} 13. Bg2
{[%clk 0:10:31]} Be6 {[%clk 0:12:55]} 14. O-O {[%clk 0:09:56]} Rad8
{[%clk 0:12:57]} 15. d3 {[%clk 0:09:54]} Bd5 {[%clk 0:12:32]} 16. Nd2
{[%clk 0:07:37]} Bxg2 {[%clk 0:11:46]} 17. Kxg2 {[%clk 0:07:46]} Qe5
{[%clk 0:10:23]} 18. Kg1 {[%clk 0:05:23]} Rd5 {[%clk 0:08:16]} 19. a3
{[%clk 0:05:00]} Rfd8 {[%clk 0:07:56]} 20. Rc4 {[%clk 0:03:04]} Qd6
{[%clk 0:07:31]} 21. b4 {[%clk 0:02:42]} Ne5 {[%clk 0:07:34]} 22. Ne4
{[%clk 0:02:11]} Qd7 {[%clk 0:07:30]} 23. Rc5 {[%clk 0:01:50]} c6
{[%clk 0:05:03]} 24. Qc1 {[%clk 0:01:45]} a6 {[%clk 0:03:08]} 25. Qh6
{[%clk 0:01:37]} f6 {[%clk 0:03:10]} 26. Rfc1 {[%clk 0:01:37]} Nf7
{[%clk 0:03:15]} 27. Qe3 {[%clk 0:01:35]} Rc8 {[%clk 0:02:11]} 28. Rxd5
{[%clk 0:01:24]} Qxd5 {[%clk 0:01:48]} 29. Nc5 {[%clk 0:01:24]} Rc7
{[%clk 0:01:54]} 30. Rc4 {[%clk 0:00:53]} e5 {[%clk 0:02:03]} 31. Ne4
{[%clk 0:00:51]} Kg7 {[%clk 0:02:11]} 32. Qb6 {[%clk 0:00:55]} Re7
{[%clk 0:02:12]} 33. Qc5 {[%clk 0:00:52]} Qxc5 {[%clk 0:01:30]} 34. bxc5
{[%clk 0:00:38]} f5 {[%clk 0:01:31]} 35. Nd2 {[%clk 0:00:45]} Nd8
{[%clk 0:01:26]} 36. Nb3 {[%clk 0:00:52]} Kf6 {[%clk 0:01:25]} 37. Kf1
{[%clk 0:00:49]} Ne6 {[%clk 0:01:33]} 38. f4 {[%clk 0:00:53]} g5 {[%clk 0:01:11]}
39. fxe5+ {[%clk 0:00:56]} Kxe5 {[%clk 0:01:19]} 40. d4+ {[%clk 0:00:31]} Kd5
{[%clk 0:01:22]} 41. Rb4 {[%clk 0:00:40]} Nd8 {[%clk 0:00:20]} 42. Kf2
{[%clk 0:00:44]} f4 {[%clk 0:00:28]} 43. Nd2 {[%clk 0:00:44]} Ne6
{[%clk 0:00:31]} 44. gxf4 {[%clk 0:00:40]} gxf4 {[%clk 0:00:40]} 45. Nb3
{[%clk 0:00:45]} Rd7 {[%clk 0:00:45]} 46. Kf3 {[%clk 0:00:52]} Rf7
{[%clk 0:00:54]} 47. e4# {[%clk 0:00:51]} fxe3+ {[%clk 0:01:01]} 48. Kxe3
{[%clk 0:01:00]} Re7 {[%clk 0:01:00]} 49. Kd3 {[%clk 0:01:02]} Nf4+
{[%clk 0:01:08]} 50. Kc3 {[%clk 0:01:07]} Re3+ {[%clk 0:01:03]} 51. Kd2
{[%clk 0:01:13]} Re2+ {[%clk 0:01:11]} 52. Kc3 {[%clk 0:01:20]} Re3+
{[%clk 0:00:55]} 53. Kd2 {[%clk 0:01:26]} Re2+ {[%clk 0:01:04]} 54. Kc3
{[%clk 0:01:35]} Rxh2 {[%clk 0:00:47]} 55. Rxb7 {[%clk 0:01:44]} Rh3+
{[%clk 0:00:56]} 56. Kc2 {[%clk 0:01:28]} Rh2+ {[%clk 0:00:55]} 57. Kc3
{[%clk 0:01:31]} Rh3+ {[%clk 0:01:04]} 58. Kc2 {[%clk 0:01:40]} Rh2+
{[%clk 0:00:46]} 59. Kc3 {[%clk 0:01:39]} Rh3+ {[%clk 0:00:55]} 60. Kc2
{[%clk 0:01:43]} 1/2-1/2